Lições de Sociologia (Registo nº 6070)
[ vista simples ]
| 000 -Etiqueta do registo | |
|---|---|
| Valores | 01178nam 22002413 4500 |
| 010 ## - Número ISBN | |
| ISBN | 9724410927 |
| 021 ## - Número do Depósito Legal | |
| Número | 211157/04 |
| 100 ## - Dados gerais de processamento | |
| Dados gerais | 20211231d2004 u||y0pory50 ba |
| 200 ## - Titulo e menção de responsabilidade | |
| Título próprio | Lições de Sociologia |
| Primeira menção de responsabilidade | Theodor W. Adorno |
| Outras menções de responsabilidade | trad. João Tiago Proença, Manuel Seca de Oliveira |
| 210 ## - Publicação | |
| Local de publicação | Lisboa |
| Nome do editor | Edições 70 |
| Data de publicação | 2004 |
| 215 ## - Descrição física | |
| Paginação / Volumes | 230 p, |
| 304 ## - Nota relativa ao título | |
| Texto de nota | Tít. ori.: Einleitung in die Soziologie |
| 330 ## - Sumário ou Resumo | |
| Texto da nota | É um dos textos últimos de Adorno. Nestas lições, expõe ele o núcleo essencial da teoria crítica, desenvolvida em conjunto com M. Horkheimer, e os conceitos básicos de uma análise filosófica dos fundamentos da sociedade. A disputa com o positivismo, e a crítica que lhe é feita, possibilitam um recorte nítido e mais acentuado das ideias nucleares da reflexão adorniana que, além do mais, é também uma crítica do poder que escraviza os homens. |
| 606 ## - Nome comum usado como assunto | |
| ID Autoridade | 795 |
| Palavra de ordem | Sociologia |
| 675 ## - CDU | |
| Notação | 316 |
| Língua | por |
| 700 ## - Autor principal (pessoa individual) | |
| ID Autoridade | 5562 |
| Apelido | Adorno |
| Nome | Th. W. |
| Datas | 1903-1969 |
| 702 ## - Autor secundário (pessoa individual) | |
| ID Autoridade | 5776 |
| Apelido | Proença |
| Nome | João Tiago |
| Datas | 1970- |
| 702 ## - Autor secundário (pessoa individual) | |
| ID Autoridade | 5777 |
| Apelido | Oliveira |
| Nome | Manuel Seca de |
| 801 ## - Fonte de origem | |
| País | PT |
| Agência | BMVN |
| Regras de catalogação | RPC |
| 830 ## - Notas gerais do catalogador | |
| Criado por | Inês Silva |
| Data de criação | 31/12/2021 |
| 990 ## - Elementos KOHA | |
| Tipo de documento | Livro |
| Situação do levantamento | Biblioteca de origem | Localização na Estante | Código de barras | Cota | Permissão de empréstimo | Tipo de documento | Forma de aquisição |
|---|---|---|---|---|---|---|---|
| Biblioteca Municipal de Vendas Novas | EM DEPOSITO | 100000032162 | CH SOC/LIC | Livro |